Reference gauging system for a small-scale liquid hydrogen tank /

Bibliographic Details
Main Authors: Van Dresar, Neil T. (Author), Siegwarth, J. D. (Author)
Format: Government Document eBook
Language:English
Published: Cleveland, Ohio : National Aeronautics and Space Administration, Glenn Research Center, July 2003.
Series:NASA technical memorandum ; 2003-212455.
Subjects:
Online Access:https://purl.fdlp.gov/GPO/gpo184653

MARC

Tag First Indicator Second Indicator Subfields
LEADER 00000nam a2200000 i 4500
001 in00004590708
006 m o d f
007 cr |||||||||||
008 220719e200307 ohua obt f000 0 eng d
005 20220812190739.3
035 |a (OCoLC)on1336606864 
040 |a GPO  |b eng  |e rda  |e pn  |c GPO  |d MvI 
049 |a WWW 
074 |a 0830-D (online) 
086 0 |a NAS 1.15:2003-212455 
100 1 |a Van Dresar, Neil T.,  |e author. 
245 1 0 |a Reference gauging system for a small-scale liquid hydrogen tank /  |c Neil T. Van Dresar, James D. Siegwarth. 
264 1 |a Cleveland, Ohio :  |b National Aeronautics and Space Administration, Glenn Research Center,  |c July 2003. 
300 |a 1 online resource (18 pages) :  |b illustrations (chiefly color). 
336 |a text  |b txt  |2 rdacontent 
337 |a computer  |b c  |2 rdamedia 
338 |a online resource  |b cr  |2 rdacarrier 
490 1 |a NASA/TM ;  |v 2003-212455 
500 |a "July 2003." 
500 |a GPO Cataloging Record Distribution Program (CRDP). 
504 |a Includes bibliographical references (page 14). 
513 |a Technical memorandum. 
588 |a Description based on online resource, PDF version; title from title page (NASA, viewed on July 19, 2022). 
650 7 |a Photography.  |2 nasat 
650 7 |a Liquid hydrogen.  |2 nasat 
650 7 |a Weight measurement.  |2 nasat 
700 1 |a Siegwarth, J. D.,  |e author. 
710 2 |a NASA Glenn Research Center,  |e issuing body. 
830 0 |a NASA technical memorandum ;  |v 2003-212455. 
856 4 0 |u https://purl.fdlp.gov/GPO/gpo184653  |t 0 
999 f f |s 9749cb03-5a6a-4eb4-b23f-68118c64ff7a  |i 9749cb03-5a6a-4eb4-b23f-68118c64ff7a  |t 0 
952 f f |a Texas A&M University  |b College Station  |c Electronic Resources  |d Available Online  |t 0  |e NAS 1.15:2003-212455  |h Superintendent of Documents classification 
998 f f |a NAS 1.15:2003-212455  |t 0  |l Available Online